[Event "Medellin Flores op 25th"]
[Site "Medellin"]
[Date "2018.08.05"]
[Round "4"]
[White "Medina Ocampo, Andres Felipe"]
[Black "Castano Herrera, Saray"]
[Result "1-0"]
[WhiteElo "1949"]
[BlackElo "1600"]
[PlyCount "99"]
[EventDate "2018.08.03"]
[EventType "swiss"]
[EventRounds "9"]
[EventCountry "COL"]
[SourceTitle "CBM 185 Extra"]
[Source "ChessBase"]
[SourceDate "2018.07.29"]
[SourceVersion "1"]
[SourceVersionDate "2018.07.29"]
[SourceQuality "1"]

1. d4 Nf6 2. c4 g6 3. Nc3 Bg7 4. Nf3 0-0 5. g3 d6 6. Bg2 Na6 7. 0-0 c5 8. d5 Nc7 9. e4 Rb8 10. a4 a6 11. a5 Bg4 12. Qc2 Bxf3 13. Bxf3 b6 14. axb6 Rxb6 15. Be3 Qb8 16. Rab1 Nd7 17. Be2 Ne5 18. f4 Nd7 19. Bg4 Rd8 20. e5 Rb7 21. Bxd7 Rxd7 22. exd6 exd6 23. f5 Ne8 24. fxg6 hxg6 25. Bg5 Bd4+ 26. Kg2 Ng7 27. b3 Nf5 28. Ne4 Kg7 29. g4 Ne3+ 30. Bxe3 Bxe3 31. Rf3 Bd4 32. Rbf1 Rd8 33. Ng5 f6 34. Ne6+ Kf7 35. Nxd8+ Qxd8 36. Rh3 Kg7 37. Qd2 g5 38. Qd3 Qg8 39. Qe4 Be5 40. Rff3 Kf8 41. Qf5 Rf7 42. Rh6 Ke7 43. Qe6+ Kd8 44. Rfh3 Qe8 45. Rh8 Rf8 46. Rxf8 Qxf8 47. Rh7 Qe8 48. Qxe8+ Kxe8 49. Kf3 a5 50. Ke4 1-0

[Event "Manizales op 26th"]
[Site "Manizales"]
[Date "2017.01.07"]
[Round "7"]
[White "Zuluaga, Nicolas"]
[Black "Medina Ocampo, Andres Felipe"]
[Result "1-0"]
[WhiteElo "1739"]
[BlackElo "1797"]
[PlyCount "109"]
[EventDate "2017.01.04"]
[EventType "swiss"]
[EventRounds "9"]
[EventCountry "COL"]
[SourceTitle "CBM 176 Extra"]
[Source "ChessBase"]
[SourceDate "2017.03.02"]
[SourceVersion "1"]
[SourceVersionDate "2017.03.02"]
[SourceQuality "1"]

1. e4 e5 2. Nf3 Nc6 3. d4 exd4 4. Bc4 d6 5. Nxd4 Nxd4 6. Qxd4 Qf6 7. Qd5 Ne7 8. Qb5+ c6 9. Qa5 Be6 10. Bd3 Ng6 11. Nc3 Be7 12. Qh5 Ne5 13. h3 0-0-0 14. Be3 Kb8 15. 0-0-0 d5 16. exd5 Bxd5 17. Rhg1 Rhe8 18. Qe2 h6 19. Nxd5 Rxd5 20. Be4 Rb5 21. c3 Qe6 22. b3 Ba3+ 23. Kc2 a5 24. Bd3 Nxd3 25. Rxd3 g5 26. Rgd1 Kc8 27. Qd2 Qg6 28. Qe2 f5 29. Qf3 a4 30. c4 axb3+ 31. axb3 Rbe5 32. Ra1 f4 33. Rxa3 fxe3 34. Ra8+ Kc7 35. Rxe8 Rxe8 36. fxe3 Rd8 37. e4 Re8 38. Qf5 Qe6 39. Qxe6 Rxe6 40. Re3 Kd6 41. Kd3 Ke5 42. Rf3 c5 43. Rf5+ Kd6 44. Rd5+ Kc6 45. e5 b6 46. Ke4 Re8 47. Rd6+ Kc7 48. Kf5 Rf8+ 49. Rf6 Rh8 50. Rf7+ Kc6 51. Kf6 Rg8 52. e6 Kd6 53. Rd7+ Kc6 54. Rd5 b5 55. e7 1-0

[Event "Medellin Flores op 23rd"]
[Site "Medellin"]
[Date "2016.08.06"]
[Round "7"]
[White "Coca Cubillos, Jesus Alberto"]
[Black "Medina Ocampo, Andres Felipe"]
[Result "0-1"]
[WhiteElo "2089"]
[BlackElo "1940"]
[PlyCount "42"]
[EventDate "2016.08.03"]
[EventType "swiss"]
[EventRounds "9"]
[EventCountry "COL"]
[SourceTitle "CBM 173 Extra"]
[Source "ChessBase"]
[SourceDate "2016.08.29"]
[SourceVersion "1"]
[SourceVersionDate "2016.08.29"]
[SourceQuality "1"]

1. Nf3 Nf6 2. g3 c5 3. Bg2 g6 4. c4 Bg7 5. Nc3 0-0 6. Qc2 Nc6 7. a3 d6 8. Rb1 Bg4 9. e3 d5 10. cxd5 Nxd5 11. Nxd5 Qxd5 12. Nh4 Qd6 13. 0-0 Be2 14. Qa4 Bd3 15. Ra1 Bxf1 16. Kxf1 Rac8 17. f4 Rfd8 18. Nf3 b6 19. h4 Na5 20. Ne1 c4 21. Nf3 Nb3 0-1

[Event "Medellin Flores op 23rd"]
[Site "Medellin"]
[Date "2016.08.03"]
[Round "1"]
[White "Lora, Joel Fernando"]
[Black "Medina Ocampo, Andres Felipe"]
[Result "1-0"]
[WhiteElo "2228"]
[BlackElo "1940"]
[PlyCount "43"]
[EventDate "2016.08.03"]
[EventType "swiss"]
[EventRounds "9"]
[EventCountry "COL"]
[SourceTitle "CBM 173 Extra"]
[Source "ChessBase"]
[SourceDate "2016.08.29"]
[SourceVersion "1"]
[SourceVersionDate "2016.08.29"]
[SourceQuality "1"]

1. d4 Nf6 2. Nf3 e6 3. e3 Be7 4. Bd3 d5 5. 0-0 0-0 6. Ne5 c5 7. c3 Nbd7 8. f4 Ne4 9. Bxe4 dxe4 10. Nd2 f5 11. Qb3 Qb6 12. Ndc4 Qxb3 13. axb3 b5 14. Nc6 bxc4 15. Nxe7+ Kf7 16. Nxc8 Rfxc8 17. bxc4 cxd4 18. exd4 Rxc4 19. Bd2 Rc7 20. b3 Nf6 21. c4 Rd8 22. Ba5 1-0

[Event "Villamaria op 2nd"]
[Site "Villamaria"]
[Date "2016.07.02"]
[Round "2"]
[White "Medina Ocampo, Andres Felipe"]
[Black "Ossa Quintero, Vladimir Andrey"]
[Result "0-1"]
[WhiteElo "1648"]
[BlackElo "1952"]
[PlyCount "66"]
[EventDate "2016.07.02"]
[EventType "swiss"]
[EventRounds "7"]
[EventCountry "COL"]
[SourceTitle "CBM 173 Extra"]
[Source "ChessBase"]
[SourceDate "2016.08.29"]
[SourceVersion "1"]
[SourceVersionDate "2016.08.29"]
[SourceQuality "1"]

1. e4 d6 2. d4 Nf6 3. Nc3 g6 4. Bc4 Bg7 5. Nf3 0-0 6. Be3 c6 7. Qd2 b5 8. Bd3 Bb7 9. h3 Re8 10. 0-0 Nbd7 11. e5 dxe5 12. dxe5 b4 13. exf6 bxc3 14. Qxc3 Nxf6 15. Qb3 Qc8 16. Ne5 Nd5 17. Ng4 h5 18. Nh2 e5 19. Bc5 a5 20. c3 a4 21. Qc2 Nf4 22. h4 Qd8 23. Bc4 Qxh4 24. Bxf7+ Kxf7 25. g3 Qg5 26. Nf3 Qg4 27. Nh2 Ne2+ 28. Kg2 Qc4 29. Ba3 c5+ 30. f3 Nd4 31. Qd2 Nf5 32. g4 hxg4 33. Nxg4 Qxg4+ 0-1

[Event "Central America & Caribbean U18"]
[Site "Palmira"]
[Date "2014.10.07"]
[Round "7.5"]
[White "Medina Ocampo, Andres Felipe"]
[Black "Olarte Parra, Jhoan Sebastian"]
[Result "1-0"]
[WhiteElo "1867"]
[BlackElo "1978"]
[PlyCount "59"]
[EventDate "2014.10.04"]
[EventType "swiss"]
[EventRounds "9"]
[EventCountry "COL"]
[SourceTitle "EXT 2024"]
[Source "ChessBase"]
[SourceDate "2023.10.10"]
[SourceVersion "1"]
[SourceVersionDate "2023.10.10"]
[SourceQuality "1"]

1. d4 Nf6 2. c4 e5 3. dxe5 Ng4 4. e3 Nxe5 5. Nh3 d6 6. Nf4 g6 7. Be2 Bg7 8. 0-0 0-0 9. Nc3 Nbc6 10. Nfd5 Ne7 11. f4 Nxd5 12. Nxd5 Nc6 13. Qd3 Re8 14. Bf3 Be6 15. Bd2 Ne7 16. Bc3 Nxd5 17. cxd5 Bf5 18. e4 Bxc3 19. bxc3 Bd7 20. Rab1 Rb8 21. Qd4 a6 22. Rfd1 Qe7 23. Qa7 Bb5 24. c4 Bxc4 25. Rxb7 Rxb7 26. Qxb7 f5 27. Rd4 Qg7 28. Rxc4 Qa1+ 29. Kf2 Qxa2+ 30. Be2 1-0

[Event "Central America & Caribbean U18"]
[Site "Palmira"]
[Date "2014.10.06"]
[Round "6.5"]
[White "Obando Guzman, Soren Federico"]
[Black "Medina Ocampo, Andres Felipe"]
[Result "0-1"]
[WhiteElo "1848"]
[BlackElo "1867"]
[PlyCount "60"]
[EventDate "2014.10.04"]
[EventType "swiss"]
[EventRounds "9"]
[EventCountry "COL"]
[SourceTitle "EXT 2024"]
[Source "ChessBase"]
[SourceDate "2023.10.10"]
[SourceVersion "1"]
[SourceVersionDate "2023.10.10"]
[SourceQuality "1"]

1. c4 Nf6 2. Nc3 c5 3. g3 g6 4. Bg2 Bg7 5. e3 0-0 6. Nge2 d6 7. 0-0 Nbd7 8. d3 a6 9. Rb1 Rb8 10. b3 b5 11. cxb5 axb5 12. Bb2 b4 13. Na4 Nb6 14. Nxb6 Qxb6 15. Qc2 Bb7 16. d4 Bxg2 17. Kxg2 Rfc8 18. dxc5 Rxc5 19. Qd3 Rd5 20. Qc4 Qb7 21. Kg1 Rc8 22. Qh4 Rd2 23. Nd4 e5 24. Rfd1 Rxd1+ 25. Rxd1 exd4 26. Bxd4 Qf3 27. Rf1 Ne4 28. Qe7 Bxd4 29. exd4 Rc2 30. Qd7 Rxf2 0-1

[Event "Central America & Caribbean U18"]
[Site "Palmira"]
[Date "2014.10.05"]
[Round "4.5"]
[White "Bobadilla Viera, Jorge Samuel"]
[Black "Medina Ocampo, Andres Felipe"]
[Result "1-0"]
[WhiteElo "2023"]
[BlackElo "1867"]
[PlyCount "99"]
[EventDate "2014.10.04"]
[EventType "swiss"]
[EventRounds "9"]
[EventCountry "COL"]
[SourceTitle "EXT 2024"]
[Source "ChessBase"]
[SourceDate "2023.10.10"]
[SourceVersion "1"]
[SourceVersionDate "2023.10.10"]
[SourceQuality "1"]

1. e4 c5 2. Nf3 Nc6 3. d4 cxd4 4. Nxd4 g6 5. c4 Bg7 6. Be3 Nf6 7. Nc3 0-0 8. Be2 d6 9. 0-0 Bd7 10. Qd2 Nxd4 11. Bxd4 Bc6 12. f3 a5 13. b3 Nd7 14. Be3 Nc5 15. Rab1 Qc7 16. Rfc1 Rfc8 17. Rc2 Qd8 18. Bg5 Ne6 19. Be3 Nc5 20. Bg5 Ne6 21. Be3 Nc5 22. Nd5 Bxd5 23. cxd5 Be5 24. Rbc1 b6 25. Bb5 Rc7 26. Qe2 Bg7 27. Bc6 Rb8 28. Qb5 h5 29. a3 Ra7 30. b4 Nb3 31. Rd1 a4 32. Qd3 Bf6 33. Bb5 Bg7 34. Rc6 Rc8 35. Bxb6 Rxc6 36. Bxd8 Rc3 37. Qf1 Bd4+ 38. Rxd4 Nxd4 39. Bb6 Nxb5 40. Bxa7 Nxa7 41. Qa6 Nc8 42. Qxa4 Kg7 43. b5 Rc5 44. Qd4+ f6 45. a4 Nb6 46. a5 Nc4 47. a6 Nb6 48. a7 Rxb5 49. Qxb6 Rxb6 50. a8Q 1-0

[Event "Cali Valle op"]
[Site "Cali"]
[Date "2014.03.23"]
[Round "4"]
[White "Medina Ocampo, Andres Felipe"]
[Black "Ibarra, Jose Edinson"]
[Result "1/2-1/2"]
[WhiteElo "1853"]
[BlackElo "1686"]
[PlyCount "90"]
[EventDate "2014.03.21"]
[EventType "swiss"]
[EventRounds "7"]
[EventCountry "COL"]
[SourceTitle "CBM 159 Extra"]
[Source "ChessBase"]
[SourceDate "2014.04.24"]
[SourceVersion "1"]
[SourceVersionDate "2014.04.24"]
[SourceQuality "1"]

1. d4 Nf6 2. c4 g6 3. Nc3 Bg7 4. g3 d6 5. Bg2 c6 6. Nf3 Nbd7 7. 0-0 0-0 8. e4 e5 9. h3 Qb6 10. d5 c5 11. Qc2 Ne8 12. Ne1 f5 13. Nd3 Ndf6 14. Be3 fxe4 15. Nxe4 Nxe4 16. Bxe4 Bxh3 17. Bg2 Bxg2 18. Kxg2 e4 19. Nf4 Qxb2 20. Qxe4 Qe5 21. Qd3 Qf5 22. Qxf5 Rxf5 23. Rab1 Rf7 24. Ne6 b6 25. Rh1 Bf6 26. Bf4 Rd7 27. Bg5 Bxg5 28. Nxg5 Nc7 29. Rh4 Re8 30. Rbh1 Ree7 31. Ne4 Ne8 32. Ng5 a6 33. a4 Nc7 34. Ne4 Ne8 35. Ng5 Rb7 36. Rf4 Re5 37. Ne6 Rf5 38. Rxf5 gxf5 39. Rh5 Ng7 40. Rg5 h6 41. Rg6 Kh7 42. Nf8+ Kg8 43. Ne6 Kh7 44. Nf8+ Kg8 45. Ne6 Kh7 1/2-1/2

[Event "Valle Region-ch"]
[Site "Cali"]
[Date "2013.06.28"]
[Round "2.2"]
[White "Beltran, Carlos Armando"]
[Black "Medina Ocampo, Andres Felipe"]
[Result "1-0"]
[WhiteElo "2237"]
[BlackElo "1873"]
[PlyCount "55"]
[EventDate "2013.06.28"]
[EventType "swiss"]
[EventRounds "5"]
[EventCountry "COL"]
[SourceTitle "EXT 2024"]
[Source "ChessBase"]
[SourceDate "2023.10.10"]
[SourceVersion "1"]
[SourceVersionDate "2023.10.10"]
[SourceQuality "1"]

1. d4 Nf6 2. Bg5 Ne4 3. Bf4 c5 4. f3 Nf6 5. d5 e6 6. Nc3 d6 7. e4 exd5 8. Nxd5 Nc6 9. Bc4 Be6 10. Ne2 a6 11. a4 Bxd5 12. Bxd5 Be7 13. 0-0 Qc7 14. Nc3 0-0 15. Qd2 Rad8 16. Rfd1 Rfe8 17. h3 Nd4 18. Qf2 Nh5 19. Be3 Bf6 20. Bc4 Be5 21. Nd5 Qc8 22. f4 Bf6 23. c3 Nc6 24. g4 Rxe4 25. Bf1 Nxf4 26. Nxf6+ gxf6 27. Bxf4 Qe6 28. Bd3 1-0

[Event "Latin Cup-A 3rd"]
[Site "Cali"]
[Date "2012.10.09"]
[Round "9"]
[White "Pardo, Alejandro"]
[Black "Medina Ocampo, Andres Felipe"]
[Result "1-0"]
[WhiteElo "2181"]
[BlackElo "1894"]
[PlyCount "51"]
[EventDate "2012.10.04"]
[EventType "swiss"]
[EventRounds "9"]
[EventCountry "COL"]
[SourceTitle "CBM 150 Extra"]
[Source "ChessBase"]
[SourceDate "2012.10.19"]
[SourceVersion "1"]
[SourceVersionDate "2012.10.19"]
[SourceQuality "1"]

1. d4 Nf6 2. Nf3 e6 3. e3 c5 4. Bd3 cxd4 5. exd4 b6 6. 0-0 Bb7 7. Bg5 Be7 8. Nbd2 0-0 9. Re1 Nc6 10. c3 d5 11. Ne5 Rc8 12. f4 Re8 13. Re3 g6 14. Qe1 Nxe5 15. fxe5 Ng4 16. Bxe7 Qxe7 17. Rg3 Nh6 18. Rh3 Nf5 19. Nf3 f6 20. g4 Ng7 21. Qh4 f5 22. Qxh7+ Kf7 23. Rh6 Rh8 24. Qxg6+ Kg8 25. Rxh8+ Kxh8 26. Ng5 1-0

[Event "COL-ch School U17"]
[Site "Cali"]
[Date "2012.02.25"]
[Round "5.1"]
[White "Becerra, Manuel Santiago"]
[Black "Medina Ocampo, Andres Felipe"]
[Result "1/2-1/2"]
[WhiteElo "1655"]
[BlackElo "1882"]
[PlyCount "44"]
[EventDate "2012.02.23"]
[EventType "swiss"]
[EventRounds "7"]
[EventCountry "COL"]
[SourceTitle "EXT 2024"]
[Source "ChessBase"]
[SourceDate "2023.10.10"]
[SourceVersion "1"]
[SourceVersionDate "2023.10.10"]
[SourceQuality "1"]

1. d4 Nf6 2. Nf3 e6 3. e3 c5 4. Bd3 d5 5. c3 b6 6. Nbd2 Bd6 7. 0-0 0-0 8. e4 dxe4 9. Nxe4 Bb7 10. Bg5 Be7 11. Bxf6 gxf6 12. Ng3 Nd7 13. Nd2 f5 14. Bxf5 exf5 15. Nxf5 Nf6 16. Qe1 Re8 17. f4 Kh8 18. Nc4 Rg8 19. Rf2 Qd5 20. Nfe3 Qh5 21. Nf1 Qd5 22. Nfe3 Qh5 1/2-1/2